000 00405nam a2200121Ia 4500
008 220216s9999 xx 000 0 und d
100 _aBlackley D C
245 0 _aRecent investigations into the sulphur prevulcanisation of natural rubber latex
260 _bProceedings of the RRIM Rubber Growers Conference, Johore, 1987; p3-25
650 _aNR latex
650 _aSulphur prevulcanisation
942 _cJS
999 _c66482
_d66482